| 000 | 00467nam a22001817a 4500 | ||
|---|---|---|---|
| 999 |
_c3272 _d3229 |
||
| 008 | 170318b xxu||||| |||| 00| | tur d | ||
| 020 | _a9789750713750 | ||
| 041 | _atur | ||
| 050 | _aPL248.A542 | ||
| 100 |
_aAltınsay, Saba _91527 |
||
| 245 | _aBenim Hiç Suçum Yok | ||
| 250 | _a1. Baskı | ||
| 260 |
_aİstanbul: _bCan Yayınları, _cEkim 2011 |
||
| 300 | _a311 Sayfa | ||
| 500 | _aCan Yayınları: 2007 | ||
| 650 | 0 |
_9145 _aTürk Edebiyatı |
|
| 942 |
_2lcc _cBK |
||